<?xml version="1.0" encoding="UTF-8"?><marc:collection xmlns:marc="http://www.loc.gov/MARC21/slim">
  <marc:record>
    <marc:leader>00000nam  2200000za 4500</marc:leader>
    <marc:controlfield tag="001">9.631545</marc:controlfield>
    <marc:controlfield tag="003">CaOODSP</marc:controlfield>
    <marc:controlfield tag="005">20220810104629</marc:controlfield>
    <marc:controlfield tag="007">cr |||||||||||</marc:controlfield>
    <marc:controlfield tag="008">150407|2004||||xxc|||||o    f|0| 0 fre d</marc:controlfield>
    <marc:datafield tag="040" ind1=" " ind2=" ">
      <marc:subfield code="a">CaOODSP</marc:subfield>
      <marc:subfield code="b">fre</marc:subfield>
    </marc:datafield>
    <marc:datafield tag="043" ind1=" " ind2=" ">
      <marc:subfield code="a">n-cn---</marc:subfield>
    </marc:datafield>
    <marc:datafield tag="086" ind1="1" ind2=" ">
      <marc:subfield code="a">CW66-164/2004F-PDF</marc:subfield>
    </marc:datafield>
    <marc:datafield tag="110" ind1="2" ind2=" ">
      <marc:subfield code="a">Service canadien de la faune.</marc:subfield>
    </marc:datafield>
    <marc:datafield tag="245" ind1="1" ind2="0">
      <marc:subfield code="a">Quand l'habitat est-il suffisant? : </marc:subfield>
      <marc:subfield code="h">[ressource électronique]</marc:subfield>
      <marc:subfield code="b">Cadre d'orientation pour la revalorisation de l'habitat dans les secteurs préoccupants des Grands Lacs / </marc:subfield>
      <marc:subfield code="c">Publié par la région de l'Ontario. </marc:subfield>
    </marc:datafield>
    <marc:datafield tag="250" ind1=" " ind2=" ">
      <marc:subfield code="a">Deuxième édition.</marc:subfield>
    </marc:datafield>
    <marc:datafield tag="260" ind1=" " ind2=" ">
      <marc:subfield code="a">Downsview - Ontario : </marc:subfield>
      <marc:subfield code="b">Environnement Canada. </marc:subfield>
      <marc:subfield code="c">2004.</marc:subfield>
    </marc:datafield>
    <marc:datafield tag="300" ind1=" " ind2=" ">
      <marc:subfield code="a">88p.</marc:subfield>
      <marc:subfield code="b">figures, références, tableaux, photographies</marc:subfield>
    </marc:datafield>
    <marc:datafield tag="500" ind1=" " ind2=" ">
      <marc:subfield code="a">Le numéro ISBN (0-662-35918-6) pour la version en anglais imprimée se trouve dans cette publication. Le n° de catalogue (CW66-164/2004F) assigné à l'édition imprimée a été incorrectement copié dans cette édition électronique.</marc:subfield>
    </marc:datafield>
    <marc:datafield tag="520" ind1="3" ind2=" ">
      <marc:subfield code="a">Ce cadre oriente la revalorisation de l’habitat dans les secteurs préoccupants des Grands Lacs. Il contient des lignes directrices générales et des renseignements de nature scientifique qui peuvent aider les spécialistes de la restauration gouvernementaux et non gouvernementaux, les planificateurs et les autres intervenants du domaine de la conservation et de la préservation du patrimoine. Il vise à faire en sorte que les habitats humides, riverains et forestiers puissent supporter des populations minimales et viables et faciliter le maintien des fonctions et des caractéristiques de certains écosystèmes.</marc:subfield>
    </marc:datafield>
    <marc:datafield tag="590" ind1=" " ind2=" ">
      <marc:subfield code="a">04-30</marc:subfield>
      <marc:subfield code="b">2004-07-23</marc:subfield>
    </marc:datafield>
    <marc:datafield tag="691" ind1="0" ind2="7">
      <marc:subfield code="a">Aire de conservation</marc:subfield>
      <marc:subfield code="2">gcpds</marc:subfield>
    </marc:datafield>
    <marc:datafield tag="710" ind1="2" ind2=" ">
      <marc:subfield code="a">Fonds pour la pérennité des Grands Lacs d'Environnement Canada.</marc:subfield>
    </marc:datafield>
    <marc:datafield tag="775" ind1="0" ind2="8">
      <marc:subfield code="t">How much habitat is enough? : </marc:subfield>
      <marc:subfield code="w">(CaOODSP)9.686816</marc:subfield>
    </marc:datafield>
    <marc:datafield tag="776" ind1="0" ind2="#">
      <marc:subfield code="t">Quand l'habitat est-il suffisant? : </marc:subfield>
      <marc:subfield code="w">(CaOODSP)9.682568</marc:subfield>
    </marc:datafield>
    <marc:datafield tag="794" ind1=" " ind2=" ">
      <marc:subfield code="t">Quand l'habitat est-il suffisant? / </marc:subfield>
      <marc:subfield code="w">(CaOODSP)9.641440</marc:subfield>
    </marc:datafield>
    <marc:datafield tag="856" ind1="4" ind2="0">
      <marc:subfield code="a">http://publications.gc.ca</marc:subfield>
      <marc:subfield code="q">PDF</marc:subfield>
      <marc:subfield code="s">654 Ko</marc:subfield>
      <marc:subfield code="u">https://publications.gc.ca/collections/Collection/CW66-164-2004F.pdf</marc:subfield>
    </marc:datafield>
  </marc:record>
</marc:collection>
